|
|
|
|
| LEADER |
00000cam a2200000 7i4500 |
| 001 |
0000123736 |
| 005 |
20080903.0 |
| 020 |
|
|
|a 0446199664
|
| 090 |
0 |
0 |
|a 658.4092
|b ABR
|
| 100 |
1 |
|
|a Abrashoff, D. Michael
|
| 245 |
1 |
0 |
|a It's our ship :
|b the no-nonsense guide to leadership
|c Captain D. Michael Abrashoff
|
| 260 |
|
|
|a New York :
|b Business Plus ,
|c 2008
|
| 300 |
|
|
|a 196p. ;
|c 24cm.
|
| 650 |
0 |
0 |
|a Command of troops
|
| 650 |
0 |
0 |
|a Leadership
|z United States
|
| 650 |
0 |
0 |
|a Management
|
| 651 |
|
0 |
|a United States
|x Navy
|x Management
|
| 999 |
|
|
|a 00218945
|b BUKU
|c PINJAMAN
|e PERPUSTAKAAN KOMUNITI PETALING JAYA
|